[Event "EU-Cup 34th"]
[Site "Porto Carras"]
[Date "2018.10.13"]
[Round "2.1"]
[White "Jakubiec, Artur"]
[Black "Ruchko, Denis"]
[Result "1-0"]
[WhiteElo "2508"]
[BlackElo "1908"]
[PlyCount "115"]
[EventDate "2018.10.12"]
[EventType "team-swiss"]
[EventRounds "7"]
[EventCountry "GRE"]
[SourceTitle "CBM 187"]
[Source "ChessBase"]
[SourceDate "2018.12.11"]
[SourceVersion "1"]
[SourceVersionDate "2018.12.11"]
[SourceQuality "1"]
[WhiteTeam "Wirtzfeld"]
[BlackTeam "Ballinasloe"]
[WhiteTeamCountry "BEL"]
[BlackTeamCountry "IRL"]

1. f4 d5 2. Nf3 Nf6 3. g3 g6 4. Bg2 Bg7 5. 0-0 0-0 6. d3 Nc6 7. c3 Qd6 8. Na3 e5 9. fxe5 Nxe5 10. Nxe5 Qxe5 11. Bf4 Qh5 12. e4 Bg4 13. Qc2 c6 14. Rae1 Rfe8 15. exd5 Nxd5 16. Bc1 Re6 17. Rxe6 Bxe6 18. Bf3 Bg4 19. Qf2 Bxf3 20. Qxf3 Qxf3 21. Rxf3 Re8 22. Kf1 Nb6 23. g4 f5 24. gxf5 Rf8 25. Ke2 Rxf5 26. Rxf5 gxf5 27. Nc2 Kf7 28. Ne1 a5 29. d4 Nd7 30. Nd3 Bf8 31. Bf4 Ke6 32. Kf3 b5 33. Bc7 a4 34. Nf4+ Kf6 35. b3 axb3 36. axb3 Bh6 37. Bd8+ Kf7 38. Bc7 Kf6 39. h3 Nf8 40. Bd8+ Kf7 41. Nd3 Nd7 42. Ke2 Ke6 43. Bc7 Nf6 44. Nc5+ Ke7 45. Kd3 Nd5 46. Bg3 Nf4+ 47. Bxf4 Bxf4 48. c4 bxc4+ 49. bxc4 Bd6 50. Nb3 Bc7 51. Ke3 Ke6 52. Nc1 Kf6 53. Nd3 Kg5 54. Nb4 c5 55. dxc5 Bh2 56. c6 Kh4 57. Kf3 Kxh3 58. Nd5 1-0

[Event "EU Union-ch U14 15th"]
[Site "Mureck"]
[Date "2017.08.09"]
[Round "8"]
[White "Schernthaner, David"]
[Black "Ruchko, Denis"]
[Result "1/2-1/2"]
[WhiteElo "1848"]
[BlackElo "1800"]
[PlyCount "105"]
[EventDate "2017.08.02"]
[EventType "swiss"]
[EventRounds "9"]
[EventCountry "AUT"]
[SourceTitle "CBM 180 Extra"]
[Source "ChessBase"]
[SourceDate "2017.10.06"]
[SourceVersion "1"]
[SourceVersionDate "2017.10.06"]
[SourceQuality "1"]

1. e4 c6 2. d4 d5 3. e5 Bf5 4. Nf3 e6 5. Be2 c5 6. Be3 Nd7 7. 0-0 Ne7 8. dxc5 Nc6 9. Bb5 Bg4 10. h3 Bh5 11. g4 Bg6 12. c4 dxc4 13. Qa4 Bd3 14. Re1 Qc7 15. Bxc4 Bxc4 16. Qxc4 Ncxe5 17. Nxe5 Nxe5 18. Qe4 Nc6 19. Nc3 Be7 20. b4 a6 21. Bf4 Qc8 22. b5 axb5 23. Nxb5 0-0 24. Nd6 Bxd6 25. Bxd6 Rd8 26. Reb1 Ra6 27. Rb2 b6 28. Rc1 bxc5 29. Bxc5 Rd5 30. Be3 h6 31. a4 Qa8 32. Ra2 Rda5 33. Bd2 Rd5 34. Bc3 Qd8 35. Raa1 Nd4 36. Rd1 Rad6 37. Bxd4 Rxd4 38. Rxd4 Rxd4 39. Qc2 Qa5 40. Rb1 g6 41. Ra1 Kh7 42. Qb3 Rb4 43. Qf3 Kg7 44. Qc3+ Kh7 45. Qe1 Kg7 46. Qd1 Rf4 47. Qc2 e5 48. Qe2 Kf6 49. Qc2 Kg7 50. Qb3 Qd2 51. Qe3 Qa5 52. Qe2 Kf6 53. Qd1 1/2-1/2